| 000 | 00614nam a22001937a 4500 | ||
|---|---|---|---|
| 003 | OSt | ||
| 005 | 20250621024115.0 | ||
| 008 | 250621b |||||||| |||| 00| 0 eng d | ||
| 020 | _a978-621-406-189-1 | ||
| 040 |
_aDWCL - Main lib _cOC |
||
| 082 | _aFil. 658.15 P649b 2018 | ||
| 100 | _aPineda, Ariel D. | ||
| 245 |
_aBusiness finance principles and application/ _cAriel D. Pineda |
||
| 260 |
_aManila, Philippines: _billustration ; _c23cm. |
||
| 300 |
_aviii , 174 pages : _b illustration ; _c 23cm. |
||
| 650 | _a1. Corporation -- Finance | ||
| 650 | _a2. Finance, Personnel | ||
| 942 |
_2ddc _cBK - FIL _kFil. _n0 |
||
| 999 |
_c3215 _d3215 |
||